000 00258nam a2200097Ia 4500
001 1224107
005 20250827092920.0
008 250824s9999 xx 000 0 und d
245 0 _aKARANLIKTAKİ KEŞİF
_cELÇİN KUZUCU
260 _bALTIN KİTAPLAR YAYIN EVİ
999 _c1224107
_d1224107